| 000 | 00700nam a2200193 4500 | ||
|---|---|---|---|
| 008 | 171204b xxu||||| |||| 00| 0 eng d | ||
| 020 | _a0070571775 | ||
| 082 |
_21987 _aDC 796.3420924 _bSh8 |
||
| 100 |
_923941 _aShriver, Pam, author. |
||
| 245 |
_aPassing shots : _bPam Schriver on tour / _cPam Shriver, Frank Deford, Susan B. Adams. |
||
| 260 |
_aNew York : _bMcGraw-Hill, _c© 1987. |
||
| 300 |
_axii, 211 pages : _billustrations ; _c24 cm. |
||
| 650 | 0 |
_923948 _aTennis players _xBiography _zUnited States |
|
| 650 | 0 |
_923944 _aWomen tennis players. |
|
| 650 | 0 |
_923943 _aTennis _x--Tournaments. |
|
| 700 |
_923945 _aDeford, Frank,author. |
||
| 700 |
_923946 _aAdams, Susan,author. |
||
| 942 |
_2ddc _cDC |
||
| 999 |
_c7866 _d7866 |
||